Statistiken für Typische Element Bezeichnungen

Klicken Sie hier um das Quiz zu spielen!

Allgemein

  • Dieses Quiz wurde 89 mal gespielt
  • Das Durchschnittsergebnis liegt bei 12 aus 15

Antwortstatistiken

Antwort% Korrekt
Natrium
99%
Helium
97%
Magnesium
97%
Wasserstoff
97%
Eisen
96%
Kalium
95%
Uran
92%
Gold
89%
Chlor
88%
Xenon
87%
Titan
86%
Iod
73%
Germanium
71%
Quecksilber
65%
Francium
47%
Plutonium
36%

Verteilung der Resultate

Perzentil nach korrekt beantworteten Fragen

Anzahl Personen mit jedem Resultat

Ihre Resultats-Entwicklung

Sie haben dieses Quiz noch nicht gespielt